000
00302nam a22001337a 4500
008
181102b xxu||||| |||| 00| 0 eng d
020
_a
9780534595531
041
_a
eng
080
_2
7th
_a
101
100
_a
24
101
_a
FIL
245
_a
Morality in Practice
_c
Sterba,J,P
942
_2
udc
_c
BK
999
_c
51755
_d
51755